00440nam a2200133 a 450000500170000000800410001702000150005805000250007310000190009824500260011726000300014399900190017395201140019220140414132058.0110725s19uu xx 00 eng d a1405417048 aREF 591.87bW14 2004 aWalters Martin aThe world of animals. aChina :bParragon,c2004. c114377d114377 001040aMUbMUcREFd2011-07-25efr. ELIl0oREF 591.87 W14 2004pM6186r2014-04-14 00:00:00w2014-04-14yBK